Statistiques concernant En été - La reine des neiges (Paroles)

Cliquez ici pour prendre le quiz!

Statistiques générales

  • Ce quiz a été pris 145 fois
  • Le résultat moyen est 123 sur 159

Statistiques - réponses

Paroles% Correct
a
97%
à
97%
Et
96%
et
96%
le
96%
Le
96%
En
95%
en
95%
été
94%
Les
93%
les
93%
soleil
93%
je
91%
Je
91%
la
91%
91%
ne
91%
abeilles
90%
de
89%
neige
88%
me
87%
un
87%
Un
87%
pissenlits
85%
Pour
84%
pour
84%
sable
84%
ce
83%
fait
82%
froid
82%
sur
81%
que
80%
une
80%
faire
79%
fin
79%
m'allonge
78%
mes
76%
l'hiver
75%
Il
74%
main
74%
sera
74%
verre
74%
au
73%
chaud
73%
jour
73%
brise
72%
sont
72%
sens
71%
Quand
70%
amis
69%
s'entendre
69%
deux
68%
j'ai
68%
moi
68%
chasser
67%
gloire
67%
ils
67%
ciel
66%
cœur
66%
comme
66%
ont
66%
rien
66%
tous
66%
vous
66%
vivre
65%
bleu
64%
tendre
64%
douceur
63%
plaisir
63%
revoir
63%
âme
62%
aventure
62%
grande
62%
sous
62%
hâte
61%
homme
61%
pure
61%
y
61%
commence
60%
printanière
60%
bronzer
59%
comblé
59%
Mais
59%
serez
59%
vie
59%
détends
58%
qui
58%
serais
58%
faits
57%
L'heure
57%
nage
57%
belle
55%
brûlant
55%
goûte
55%
plonge
55%
cheminée
53%
feux
53%
rêves
53%
temps
53%
s'assombrit
51%
serait
51%
Imaginez
50%
aiment
49%
ceux
49%
m'accroche
48%
mettez-moi
41%

Distribution des résultats

Percentile par nombre de réponses

% des personnes avec chaque résultat

Votre développement - résultats

Vous n’avez pas pris ce quiz